000 00609nam a2200205 i 4500
001 69142
003 ES-MaACL
005 20230906170439.0
007 t|
008 031205s1903 fr ||||1| fre d
100 1 _aLe Brun, Roger.
_970853
245 1 0 _aMaurice Donnay
_b: biographie... /
_cpar Roger Le Brun.
260 _aParis :
_bE. Sansot,
_c1903.
300 _a46 p. :
_bretr. ;
_c19 cm.
490 1 _aLes célébrités d'aujourd'hui
600 1 4 _aDonnay, Maurice-
_xBiografías.
_945324
830 0 _aLes célébrités d'aujourd'hui
_9180788
852 _aES-MaACL
_jD-751(1)
999 _c69142
_d69142